header

Health technology assessment and health policy-making in Europe (Record no. 909)

MARC details
000 -LEADER
fixed length control field 01192nam a2200313Ia 4500
100 1# - MAIN ENTRY--AUTHOR NAME
Personal name Garrido, M. V.
245 10 - TITLE STATEMENT
Title Health technology assessment and health policy-making in Europe
260 ## - PUBLICATION, DISTRIBUTION, ETC. (IMPRINT)
Place of publication Geneva :
Name of publisher World Health Organization,
Year of publication 2008.
300 ## - PHYSICAL DESCRIPTION
Number of Pages xiv, 181 p.
650 #0 - SUBJECT ADDED ENTRY--TOPICAL TERM
Topical Term Medical technology
Topical Term Technology assessment
700 1# - ADDED ENTRY--PERSONAL NAME
Personal name Kristensen, F. B.
Personal name Nielsen, C. P.
Personal name Busse, R.
856 40 - ELECTRONIC LOCATION AND ACCESS
Uniform Resource Identifier http://site.ebrary.com/lib/rucke/Doc?id=10288119

No items available.

© 2026 Rongo University
Contact us: librarian | system librarian | Rongo university